[Event "GER-chT U16"]
[Site "Bendorf"]
[Date "2006.12.29"]
[Round "5.2"]
[White "Meise, Leonard"]
[Black "Schnoor, Ekkehard"]
[Result "0-1"]
[WhiteElo "1997"]
[BlackElo "1905"]
[PlyCount "73"]
[EventDate "2006.12.27"]
[EventType "team-swiss"]
[EventRounds "7"]
[EventCountry "GER"]
[SourceTitle "EXT 2008"]
[Source "ChessBase"]
[SourceDate "2007.11.25"]
[SourceVersion "1"]
[SourceVersionDate "2007.11.25"]
[SourceQuality "1"]
[WhiteTeam "Hamburger SK"]
[BlackTeam "Dresden Gruen Weiss"]
[WhiteTeamCountry "GER"]
[BlackTeamCountry "GER"]

1. e4 c5 2. Nf3 d6 3. d4 cxd4 4. Nxd4 Nf6 5. Nc3 a6 6. Be3 e5 7. Nb3 Be6 8. f3 Nbd7 9. Qd2 b5 10. a4 b4 11. Nd5 Bxd5 12. exd5 Nb6 13. Bxb6 Qxb6 14. a5 Qb7 15. Bc4 g6 16. Ra4 Rb8 17. Nc1 h5 18. Qd3 Ra8 19. Na2 Nd7 20. Rxb4 Qa7 21. Nc3 Bh6 22. Na4 0-0 23. Nb6 e4 24. fxe4 Nc5 25. Qe2 Nxe4 26. 0-0 Rae8 27. Bb5 axb5 28. Rxe4 Rxe4 29. Qxe4 Qxa5 30. Qd4 Qa7 31. Kh1 Rb8 32. Qf6 Rxb6 33. Qd8+ Kh7 34. Rxf7+ Qxf7 35. Qxb6 Qxd5 36. Qc7+ Bg7 37. Qd7 0-1

[Event "Dresden ZMD op"]
[Site "Dresden"]
[Date "2006.08.10"]
[Round "6"]
[White "Eskandary, Jahja"]
[Black "Meise, Leonard"]
[Result "1-0"]
[WhiteElo "2156"]
[BlackElo "1997"]
[PlyCount "129"]
[EventDate "2006.08.05"]
[EventType "swiss"]
[EventRounds "9"]
[EventCountry "GER"]
[SourceTitle "CBM 113 Extra"]
[Source "ChessBase"]
[SourceDate "2006.09.14"]
[SourceVersion "1"]
[SourceVersionDate "2006.09.14"]
[SourceQuality "1"]

1. e4 e6 2. Ne2 d5 3. exd5 exd5 4. Ng3 Bd6 5. d4 Qh4 6. Nc3 c6 7. Qd3 Nf6 8. Nf5 Bxf5 9. Qxf5 0-0 10. Be3 Re8 11. 0-0-0 Qg4 12. Qd3 Bf4 13. Bd2 Qg5 14. g3 Bxd2+ 15. Qxd2 Qxd2+ 16. Rxd2 Re1+ 17. Rd1 Re7 18. Bh3 Nbd7 19. Rhe1 Rae8 20. Rxe7 Rxe7 21. Kd2 Nf8 22. f3 Ne8 23. Ne2 Ne6 24. c3 Nd6 25. b3 f6 26. Nc1 Kf7 27. Nd3 Ng5 28. Bg2 Ne6 29. Re1 Nc7 30. Ra1 Re8 31. a4 a5 32. Bh3 Re7 33. Nc5 Ke8 34. Re1 Rxe1 35. Kxe1 Ke7 36. Kd2 g6 37. Ke3 f5 38. Bf1 Ne6 39. Nd3 g5 40. Bh3 h5 41. Ne5 Kf6 42. Bf1 f4+ 43. Kf2 Nf5 44. Bh3 Nd6 45. Nd7+ Ke7 46. Nc5 Nd8 47. gxf4 gxf4 48. Nd3 b5 49. Nxf4 bxa4 50. bxa4 Nc4 51. Bf5 Kf6 52. Bc2 Kg5 53. Ng2 Ne6 54. h4+ Kf6 55. Ne3 Na3 56. Bd3 Nf4 57. Bf5 Ke7 58. Ng2 Kf6 59. Bd7 Nd3+ 60. Ke3 Nb2 61. Bxc6 Nac4+ 62. Ke2 Nb6 63. Nf4 N2xa4 64. Bxa4 Nxa4 65. Nxd5+ 1-0

[Event "GER-chT U16"]
[Site "Berlin"]
[Date "2005.12.28"]
[Round "4.4"]
[White "Meise, Leonard"]
[Black "Kirch, Daniel"]
[Result "0-1"]
[WhiteElo "1862"]
[BlackElo "1955"]
[PlyCount "94"]
[EventDate "2005.12.27"]
[EventType "team-swiss"]
[EventRounds "7"]
[EventCountry "GER"]
[SourceTitle "EXT 2022"]
[Source "ChessBase"]
[SourceDate "2021.10.06"]
[SourceVersion "1"]
[SourceVersionDate "2021.10.06"]
[SourceQuality "1"]
[WhiteTeam "Hamburger SK U16"]
[BlackTeam "Grossenseebach U16"]
[WhiteTeamCountry "GER"]
[BlackTeamCountry "GER"]

1. e4 Nf6 2. e5 Nd5 3. d4 d6 4. Nf3 Bg4 5. Be2 Nc6 6. e6 fxe6 7. Ng5 Bxe2 8. Qxe2 Nxd4 9. Qe4 c5 10. c3 Nf6 11. Qd3 Qa5 12. b4 Qb5 13. Qxb5+ Nxb5 14. Nxe6 Kd7 15. Nxf8+ Rhxf8 16. a4 Nc7 17. bxc5 dxc5 18. Ba3 b6 19. Nd2 Ncd5 20. c4 Nf4 21. g3 Ne6 22. 0-0-0 Kc7 23. Rhe1 Nd4 24. Rxe7+ Nd7 25. Rxg7 Rxf2 26. Rxh7 Re8 27. Bb2 Ree2 28. Bxd4 cxd4 29. Rh4 d3 30. Rd4 Nc5 31. h4 Rxd2 32. Rxd2 Nb3+ 33. Kb2 Nxd2 34. Kc3 Nf1 35. Rxd3 Rg2 36. h5 Nxg3 37. h6 Ne4+ 38. Kd4 Ng5 39. Kd5 Rh2 40. Rg3 Rh5 41. Ke5 Nf7+ 42. Kf6 Nxh6 43. Rg7+ Kb8 44. Kg6 Rh2 45. Rh7 Ng4 46. Re7 Rc2 47. Re4 Rxc4 0-1

[Event "Hamburg Junge op"]
[Site "Hamburg"]
[Date "2005.10.07"]
[Round "7"]
[White "Lehmkuhl, Stefan"]
[Black "Meise, Leonard"]
[Result "1/2-1/2"]
[WhiteElo "2024"]
[BlackElo "1841"]
[PlyCount "50"]
[EventDate "2005.10.01"]
[EventType "swiss"]
[EventRounds "9"]
[EventCountry "GER"]
[SourceTitle "CBM 108 Extra"]
[Source "ChessBase"]
[SourceDate "2005.11.04"]
[SourceVersion "1"]
[SourceVersionDate "2005.11.04"]
[SourceQuality "1"]

1. d4 d5 2. Bg5 c6 3. e3 Nd7 4. Nf3 Ngf6 5. Be2 Qb6 6. Qc1 Ne4 7. Bh4 g6 8. 0-0 Bg7 9. Nbd2 Nxd2 10. Nxd2 e5 11. c3 0-0 12. dxe5 Nxe5 13. Nf3 Bg4 14. Nxe5 Bxe2 15. Re1 Bxe5 16. Rxe2 Rfe8 17. Qc2 Rac8 18. Qb3 Qxb3 19. axb3 a6 20. Rd2 Rc7 21. g4 Re6 22. Kg2 f5 23. gxf5 gxf5 24. Bg3 Rg7 25. Kf3 Kf7 1/2-1/2

[Event "Hamburg Junge op"]
[Site "Hamburg"]
[Date "2005.10.03"]
[Round "3"]
[White "Becker, Nils"]
[Black "Meise, Leonard"]
[Result "1/2-1/2"]
[WhiteElo "2122"]
[BlackElo "1841"]
[PlyCount "59"]
[EventDate "2005.10.01"]
[EventType "swiss"]
[EventRounds "9"]
[EventCountry "GER"]
[SourceTitle "CBM 108 Extra"]
[Source "ChessBase"]
[SourceDate "2005.11.04"]
[SourceVersion "1"]
[SourceVersionDate "2005.11.04"]
[SourceQuality "1"]

1. e4 c5 2. Nf3 d6 3. Nc3 a6 4. d4 cxd4 5. Nxd4 Nf6 6. Be3 e6 7. f3 b5 8. Qd2 Nbd7 9. 0-0-0 Nb6 10. e5 dxe5 11. Nc6 Qxd2+ 12. Rxd2 Nbd5 13. Bg5 Bb7 14. Bxf6 Bxc6 15. Bxe5 f6 16. Nxd5 Bxd5 17. Bd4 Rc8 18. Kb1 Bd6 19. Bd3 Kf7 20. Bf2 g6 21. Bg3 Bxg3 22. hxg3 Rcd8 23. Rhd1 Ke7 24. a4 Bc6 25. axb5 axb5 26. c4 bxc4 27. Bxc4 Rxd2 28. Rxd2 h5 29. Kc2 g5 30. b4 1/2-1/2